000 00492nam a2200193Ia 4500
005 20260429112231.0
008 260429s9999||||xx |||||||||||||| ||und||
020 _a9789813150256
041 _aEnglish
082 _a331
_bBOR
100 _aBorjas, George J.
245 0 _aLabour economics /
_cGeorge J. Borjas
250 _a7th ed.
260 _aNew York :
_bMc Graw Hill,
_c2016.
300 _axviii, 569 p.; pbk
650 _a Labour economics
650 _aEconomics
942 _cTB
999 _c53030
_d53030